000 00692nam a2200253Ia 4500
003 OSt
005 20221006151418.0
006 a|||||r|||| 00| 0
007 ta
008 221006b |||||||| |||| 00| 0 eng d
020 _c10.00
024 _a21,993
037 _cTextual
040 _aEASL
_cEASL
_beng
041 _2eng
_aeng
082 _az495a14,2142,N6, L1
245 0 _aUnion catalog of books on Korea in English, French, German, Russian etc.
260 _aTokyo
_bInternational House of Japan Library Japan
_c1971
300 _a95p.
_ccm.
490 _v BB
650 _aKEL
942 _hz495a14,2142,N6, L1
_cTEXL
_2CC
999 _c1090079
_d1090079